Literacy Essays Vol. XII(b) Modern Literature / (Record no. 3366)
[ view plain ]
| 000 -LEADER | |
|---|---|
| fixed length control field | 00407cam a2200169ua 4500 |
| 041 ## - LANGUAGE CODE | |
| Language code of text/sound track or separate title | eng |
| 082 ## - DEWEY DECIMAL CLASSIFICATION NUMBER | |
| Classification number | 828.09 |
| Item number | MUL/LI |
| 100 ## - MAIN ENTRY--AUTHOR NAME | |
| Personal name | Mullik, B R . |
| 245 ## - TITLE STATEMENT | |
| Title | Literacy Essays Vol. XII(b) Modern Literature / |
| 260 ## - PUBLICATION, DISTRIBUTION, ETC. (IMPRINT) | |
| Place of publication | : |
| Name of publisher | Chand & Company , |
| Year of publication | 1963. |
| 300 ## - PHYSICAL DESCRIPTION | |
| Number of Pages | 95 ; . |
| 942 ## - ADDED ENTRY ELEMENTS (KOHA) | |
| Koha item type | Books |
| Withdrawn status | Lost status | Damaged status | Home library | Current library | Date acquired | Full call number | Accession Number | Koha item type |
|---|---|---|---|---|---|---|---|---|
| KAUAET | KAUAET | 07/04/2012 | 828.09 | 10072 | Books |
